| 000 | 00331nam a22001337a 4500 | ||
|---|---|---|---|
| 008 | 181107b xxu||||| |||| 00| 0 eng d | ||
| 020 | _a9780830414833 | ||
| 041 | _aeng | ||
| 080 |
_24th _a316 |
||
| 100 | _a50 | ||
| 101 | _aSOC | ||
| 245 |
_aUnderstanding Human Behavior and the Social Environment _cZastrow, Ch |
||
| 942 |
_2udc _cBK |
||
| 999 |
_c52168 _d52168 |
||